Todo igual (Registro nro. 38573)

Detalles MARC
000 -CABECERA
Longitud fija campo de control 01054nam a2200289 i 4500
003 - • IDENTIFICADOR DELl NÚMERO DE CONTROL
Identificador del número de control CO-BoRNBP
005 - • FECHA Y HORA DE LA ÚLTIMA TRANSACCIÓN
Fecha y hora de la última transacción 20241121165824.0
007 - • CAMPO FIJO DE DESCRIPCIÓN FÍSICA
Campo fijo de descripción física ta
008 - • CÓDIGOS DE INFORMACIÓN DE LONGITUD FIJA
Códigos de información de longitud fija 241121s2025 ck a|||| |||| 00| 0 spa d
020 ## - • NÚMERO INTERNACIONAL NORMALIZADO PARA LIBROS
Número Internacional Normalizado para Libros (ISBN) 9786287593985
040 ## - FUENTE DE LA CATALOGACIÓN
Centro catalogador de origen CO-BoRNBP
Lengua de catalogación spa
Centro transcriptor CO-BoRNBP
Normas de descripción rda
041 ## - • CÓDIGO DE LENGUA
Código de lengua del texto/banda sonora o título independiente spa
Código de lengua original eng
082 ## - • NÚMERO DE LA CLASIFICACIÓN DECIMAL DEWEY
Número de clasificación (R) 813.6 S13t
Número del ítem S13t
100 1# - • PUNTO DE ACCESO PRINCIPAL-NOMBRE DE PERSONA
Nombre de persona Schimel, Lawrence
Término indicativo de función autor
245 1# - • TITULO PROPIAMENTE DICHO
Título Todo igual
Mención de responsabilidad, etc. Lawrence Schimel; ilustraciones, Paz Rodero; traducción, María Alejandra Cañas Moreno; dirección general, Alfonso Rubiano
250 ## - • MENCIÓN DE EDICIÓN
Mención de edición Primera edición
264 #4 - PRODUCCIÓN, PUBLICACIÓN , DISTRIBUCIÓN, FABRICACIÓN Y COPYRIGHT
Lugar de producción, publicación, distribución, fabricación Bogotá, Colombia.
Nombre del productor, editor, distribuidor, fabricante Enlace Editorial
Fecha de de producción, publicación, distribución, fabricación o copyright ©2024
300 ## - • DESCRIPCIÓN FÍSICA
Extensión páginas sin numerar,
Otras características físicas ilustraciones a color,
Dimensiones 22 cm.
Material Anexo Cartilla de entranamiento de lectura
336 ## - TIPO DE CONTENIDO
Fuente rdacontent
Término de tipo de contenido texto
Código de tipo de contenido txt
337 ## - TIPO DE MEDIO
Fuente rdamedia
Nombre del tipo de medio sin mediación
Código del tipo de medio n
338 ## - TIPO DE SOPORTE
Fuente rdacarrier
Nombre del tipo de soporte volumen
Código del tipo de soporte nc
490 ## - • MENCIÓN DE SERIE
Mención de serie Colección El Tren Dorado, Primera estación
650 17 - • PUNTO DE ACCESO ADICIONAL DE MATERIA - TÉRMINO DE MATERIA
Fuente del encabezamiento o término LEMB
Término de materia o nombre geográfico como elemento inicial Literatura infantil
650 17 - • PUNTO DE ACCESO ADICIONAL DE MATERIA - TÉRMINO DE MATERIA
Fuente del encabezamiento o término LEMB
Término de materia o nombre geográfico como elemento inicial Cuento infantil
650 17 - • PUNTO DE ACCESO ADICIONAL DE MATERIA - TÉRMINO DE MATERIA
Fuente del encabezamiento o término LEMB
Término de materia o nombre geográfico como elemento inicial Colores
942 ## - ENTRADA DE ELEMENTOS AGREGADOS (KOHA)
Fuente de clasificaión o esquema Dewey Decimal Classification
Koha [por defecto] tipo de item Libro Infantil
Existencias
Perdido Fuente de clasificación o esquema Estado Físico No para préstamo Forma de adquisición Localización permanente Localización actual Localización en estanterías Fecha adquisición Préstamos totales Signatura completa Código de barras Fecha última consulta Número de copia Fecha del precio de reemplazo Tipo de item de Koha Fuente de adquisición Coste, precio normal de compra Número de registro Note pública Calificador de ubicación codificada
  Dewey Decimal Classification     Infantil Biblioteca Pública Dorado Biblioteca Pública Dorado Sala Infantil 03/31/2025   813.6 S13t S13t DOR01553 03/31/2025 Ej.1 03/31/2025 Libro Infantil          
  Dewey Decimal Classification     Infantil Biblioteca Pública José Eustasio Rivera - San Martin Biblioteca Pública José Eustasio Rivera - San Martin Sala Infantil 05/22/2025   813.6 S13t S13t SM03903 05/22/2025 Ej.1 05/22/2025 Libro Infantil          
  Dewey Decimal Classification     Infantil Biblioteca Pública Puerto Lleras Biblioteca Pública Puerto Lleras Literatura 10/16/2025   C SCH PLL02626 10/16/2025 Ej.1 10/16/2025 Libro Infantil          
  Dewey Decimal Classification     Infantil Biblioteca Pública San Carlos de Guaroa - Eduardo Carranza Biblioteca Pública San Carlos de Guaroa - Eduardo Carranza Literatura 02/11/2025   813.6 S13t S13t SG02270 02/11/2025 Ej.1 02/11/2025 Libro Infantil          
  Dewey Decimal Classification     Infantil Biblioteca Pública Guamal Biblioteca Pública Guamal Sala Infantil 11/21/2024   813.6 S13t GUA004540 11/21/2024 Ej.1 11/21/2024 Libro Infantil          
  Dewey Decimal Classification     Infantil Biblioteca Pública La Macarena Biblioteca Pública La Macarena Sala Infantil 06/04/2025   813.6 S13t S13t LM02076 06/04/2025 Ej.1 06/04/2025 Libro Infantil          
  Dewey Decimal Classification       Biblioteca Pública Mesetas - Franco lodo Poloxi Biblioteca Pública Mesetas - Franco lodo Poloxi Sala Infantil 08/19/2025   C ERO ME0689 12/06/2024 Ej.1 12/06/2024 Libro Infantil          
  Dewey Decimal Classification     Infantil Biblioteca Pública Mesetas - Franco lodo Poloxi Biblioteca Pública Mesetas - Franco lodo Poloxi Sala Infantil 08/20/2025   C SCH ME02283 08/20/2025 Ej.1 08/20/2025 Libro Infantil          
  Dewey Decimal Classification     Infantil Biblioteca Pública Rural El Yarí- vereda Playa Rica La Macarena Biblioteca Pública Rural El Yarí- vereda Playa Rica La Macarena Sala Infantil 06/13/2025   813.6 S13t S13t 9786287593985 07/02/2025 Ej.1 07/02/2025 Libro Infantil ministerio de cultura       9786287593985
  Dewey Decimal Classification     Infantil Biblioteca Pública San Juanito - Ernesto Maria Peña Romero Biblioteca Pública San Juanito - Ernesto Maria Peña Romero Sala Infantil 02/04/2025   C SCH SJU01313 02/04/2025 Ej.1 02/04/2025 LIbro          
  Dewey Decimal Classification     Infantil Biblioteca Pública San Juanito - Ernesto Maria Peña Romero Biblioteca Pública San Juanito - Ernesto Maria Peña Romero Sala Infantil 02/04/2025   S SCH SJU01314 02/04/2025 Ej.1 02/04/2025 LIbro       CARTILLA  
  Dewey Decimal Classification       Biblioteca Pública Vistahermosa Biblioteca Pública Vistahermosa   03/20/2024   813.6 S13t S13t VIST. 0001508 12/18/2024 Ej.1 12/18/2024 Libro Infantil 11/27/2024 31900.00 813.6 S13t S13t    









Instituto Departamental de Cultura del Meta - Red Departamental de Bibliotecas Públicas del Meta.